Divinités Grecque - Statistiques

Statistiques générales
  • Ce quiz a été pris 235 fois
  • Le résultat moyen est 15 sur 33
Statistiques - réponses
Divinités Fonction % Correct
Zeus Dieu du ciel
95%
Poséidon Dieu de la mer
94%
Aphrodite Déesse de l'amour
93%
Athéna Déesse de la guerre stratégique
91%
Hadès Dieu du domaine des morts
90%
Arès Dieu de la violence
80%
Héra Déesse de la famille
79%
Apollon Dieu du soleil
78%
Chronos Dieu du temps
78%
Artémis Déesse des animaux
76%
Déméter Déesse de l'agriculture
74%
Gaïa Personnification de la terre
72%
Eros Dieu de l'amour
65%
Héphaïstos Dieu des artisans
62%
Hestia Déesse de la maison
55%
Dionysos Dieu du théâtre
52%
Hermès Dieu de l'écriture
47%
Ouranos Dieu des cieux
45%
Thanatos Dieu de la mort
43%
Nyx Déesse de la nuit
39%
Hypnos Dieu du sommeil
36%
Chaos Premier être apparu
30%
Erèbe Dieu des ténèbres
13%
Tartare Père des géants
11%
Héméra Déesse de la lumière terrestre
10%
Ether Dieu de la lumière céleste
7%
Pontos Divinité de la mer
7%
Ouréa Dieu des montagnes
5%
Thalassa Esprit de la mer
5%
Ananké Déesse de la compulsion
4%
Moros Dieu de la mort brutale
4%
Nèsoi Déesse des îles
4%
Phanès Dieu de la procréation
2%
Aucun quiz correspondant
Distribution des résultats
% des personnes avec chaque résultat
Percentile par nombre de réponses
Votre historique - résultats
Vous n’avez pas pris ce quiz